Arrondissements de Tokyo - Carte Quiz - Statistiques

Statistiques générales
  • Ce quiz a été pris 187 fois
  • Le résultat moyen est 6 sur 23
Réponses sur la Carte
Les réponses sont colorées sur une échelle allant du rouge au vert en fonction du pourcentage des utilisateurs qui les ont devinées à leur premier essai. Vous pouvez retrouver ces pourcentages ci-dessous.
 
Statistiques - réponses
Réponse % Correct
Shibuya
58%
Shinjuku
43%
Chiyoda
36%
Minato
36%
Bunkyo
30%
Meguro
30%
Ota
28%
Shinagawa
28%
Edogawa
26%
Koto
26%
Setagaya
26%
Sumida
26%
Itabashi
25%
Kita
25%
Chuo
23%
Katsushika
23%
Taito
23%
Toshima
23%
Adachi
21%
Arakawa
21%
Nakano
21%
Nerima
21%
Suginami
15%
Aucun quiz correspondant
Distribution des résultats
% des personnes avec chaque résultat
Percentile par nombre de réponses
Votre historique - résultats
Vous n’avez pas pris ce quiz